Nueva inestabilidad /
Zapisane w:
| 1. autor: | |
|---|---|
| Format: | Nieznany |
| Język: | Spanish |
| Wydane: |
México :
Vuelta,
1987.
|
| Hasła przedmiotowe: | |
| Etykiety: |
Dodaj etykietę
Nie ma etykietki, Dołącz pierwszą etykiete!
|
MARC
| LEADER | 000000000a22000000004500 | ||
|---|---|---|---|
| 001 | 014270 | ||
| 020 | |a 9686229019 | ||
| 041 | 0 | |a spa | |
| 082 | 0 | 4 | |a 113.20 |b S244n |
| 100 | 1 | |a Sarduy, Severo, |d 1937-1993 | |
| 245 | 1 | 0 | |a Nueva inestabilidad / |c Severo Sarduy. |
| 260 | 1 | |a México : |b Vuelta, |c 1987. | |
| 300 | |a 71 páginas : |b ilustraciones ; |c 22 cm. | ||
| 650 | 4 | |a COSMOLOGIA | |
| 650 | 4 | |a HISTORIA | |
| 500 | |a Colección George Yúdice | ||
| 999 | |c 20164 |d 20164 | ||
| 942 | |c BK |h 113.20 S244n |2 z | ||



